000
00315nam a2200133Ia 4500
005
20260328104339.0
008
260328s9999||||xx |||||||||||||| ||und||
100
_a
Jodidio, philip
245
0
_a
Sir Norman Foster /
_c
philip Jodidio
260
_b
Taschen
300
_a
175 p.
650
_a
ARQUITECTOS
942
_c
BK
999
_c
12026
_d
12026